Extensions of time (Record no. 82687)

MARC details
000 -LEADER
fixed length control field 00724cab a22001935a 4500
001 - CONTROL NUMBER
control field L151014
008 - FIXED-LENGTH DATA ELEMENTS--GENERAL INFORMATION
fixed length control field 100923e2010 xxk 000 0 eng d
035 ## - SYSTEM CONTROL NUMBER
System control number (Sirsi) u151014
041 0# - LANGUAGE CODE
Language code of text/sound track or separate title eng
100 1# - MAIN ENTRY--PERSONAL NAME
Personal name Doig, Dominic
245 00 - TITLE STATEMENT
Title Extensions of time
Remainder of title who owns the float and what happens in cases of concurrent delay?
260 ## - PUBLICATION, DISTRIBUTION, ETC.
Date of publication, distribution, etc. 2010
490 ## - SERIES STATEMENT
Series statement Project Control Professional
Volume/sequential designation 48(5) September 2010, 5-6(2)
520 ## - SUMMARY, ETC.
Summary, etc. Explanation of this regular contractor's query using examples of float, concurrent delay and legal cases; extra time; liquidated damages.
590 ## - LOCAL NOTE (RLIN)
Local note KA
651 #4 - SUBJECT ADDED ENTRY--GEOGRAPHIC NAME
Geographic name United Kingdom
Chronological subdivision
690 ## - LOCAL SUBJECT ADDED ENTRY--TOPICAL TERM (OCLC, RLIN)
Topical term or geographic name as entry element BUILT ENVIRONMENT-CONSTRUCTION MANAGEMENT-BUILDING CONTRACT ADMINISTRATION
942 ## - ADDED ENTRY ELEMENTS (KOHA)
Suppress in OPAC 0
Holdings
Withdrawn status Lost status Source of classification or shelving scheme Damaged status Not for loan Home library Current library Shelving location Date acquired Total Checkouts Full call number Barcode Date last seen Copy number Price effective from Koha item type
    Dewey Decimal Classification     London London Journal article 23/09/2010   L151014 151014-1001 06/08/2019 1 06/08/2019 Journal article